[Event "Bundesliga 2324"]
[Site "Germany"]
[Date "2024.04.28"]
[Round "15.4"]
[White "Kozul, Zdenko"]
[Black "Reuker, Jari"]
[Result "1/2-1/2"]
[WhiteElo "2533"]
[BlackElo "2403"]
[PlyCount "107"]
[EventDate "2023.10.21"]
[EventType "team-tourn"]
[EventRounds "15"]
[EventCountry "GER"]
[SourceTitle "CB18_2024"]
[SourceDate "2024.05.01"]
[SourceVersion "1"]
[SourceVersionDate "2024.05.01"]
[SourceQuality "2"]
[WhiteTeam "Deizisau"]
[BlackTeam "Werder Bremen"]
[WhiteTeamCountry "GER"]
[BlackTeamCountry "GER"]

1. Nf3 Nf6 2. g3 e6 3. Bg2 d5 4. 0-0 c5 5. d3 Nc6 6. Nbd2 Be7 7. e4 b6 8. Re1 Bb7 9. c3 Qc7 10. a3 dxe4 11. dxe4 0-0 12. e5 Nd7 13. Qe2 Rfd8 14. h4 a6 15. Nf1 b5 16. Bg5 c4 17. a4 Nc5 18. axb5 axb5 19. Rxa8 Rxa8 20. Bxe7 Qxe7 21. Qe3 Nd3 22. Rb1 Qc7 23. b3 Ne7 24. bxc4 bxc4 25. N1d2 Bd5 26. Bf1 Nf5 27. Qb6 Qxb6 28. Rxb6 h6 29. Rb1 Ra2 30. Bxd3 cxd3 31. c4 Bc6 32. Rb8+ Kh7 33. Rd8 Rc2 34. Rxd3 Bxf3 35. Nxf3 Rxc4 36. Rd7 Kg8 37. h5 Kf8 38. Rd8+ Ke7 39. Ra8 Nd4 40. Nxd4 Rxd4 41. Rg8 Rg4 42. Kg2 Rg5 43. f4 Rxh5 44. Rxg7 Kf8 45. Rg4 Rf5 46. Rh4 h5 47. Rh1 f6 48. exf6 Kf7 49. Kh3 Kxf6 50. Re1 Ra5 51. Kh4 Rc5 52. Ra1 Rb5 53. Ra8 Rc5 54. Rh8 1/2-1/2

[Event "Bremen Jubilee 125 op"]
[Site "Bremen"]
[Date "2024.03.09"]
[Round "8"]
[White "Schneider, Jana"]
[Black "Reuker, Jari"]
[Result "1-0"]
[WhiteElo "2303"]
[BlackElo "2383"]
[PlyCount "120"]
[EventDate "2024.03.02"]
[EventType "swiss"]
[EventRounds "9"]
[EventCountry "GER"]
[SourceTitle "CB11_2024"]
[SourceDate "2024.03.13"]
[SourceVersion "1"]
[SourceVersionDate "2024.03.13"]
[SourceQuality "1"]

1. e4 e5 2. Nf3 Nc6 3. Bb5 Nf6 4. d3 Bc5 5. Bxc6 dxc6 6. Nbd2 Nd7 7. 0-0 0-0 8. c3 Re8 9. d4 exd4 10. cxd4 Bf8 11. Re1 a5 12. Qc2 a4 13. Nf1 c5 14. Bg5 f6 15. Bf4 c6 16. e5 cxd4 17. Qc4+ Kh8 18. exf6 Nxf6 19. Nxd4 Nd5 20. Be5 Bd7 21. Ng3 Qb6 22. Ndf5 Qb4 23. Qe2 Re6 24. a3 Qa5 25. Nd4 Rg6 26. h4 Re8 27. h5 Rf6 28. Qd1 Nc3 29. Nxc6 Bxc6 30. Bxc3 Rxe1+ 31. Qxe1 Qd5 32. Qf1 Rd6 33. Bb4 Rd8 34. Bxf8 Rxf8 35. Rd1 Qg5 36. Qd3 h6 37. Qd6 Kg8 38. Qe6+ Kh7 39. Qe2 Qf4 40. Qc2+ Kh8 41. Qc5 Kg8 42. Rd6 Re8 43. Rd4 Qf6 44. Qb4 Qe5 45. Kh2 Rf8 46. Qd2 Qe7 47. Rg4 Qf6 48. f3 Rd8 49. Qc2 Rd5 50. Qc1 Qd6 51. Rf4 Kh8 52. Qc4 Rb5 53. Qf7 Kh7 54. Kg1 Qc5+ 55. Kh1 Rxb2 56. Qg6+ Kh8 57. Rf7 Qc1+ 58. Kh2 Rxg2+ 59. Kxg2 Qd2+ 60. Kh3 Kg8 1-0

[Event "Bremen Jubilee 125 op"]
[Site "Bremen"]
[Date "2024.03.04"]
[Round "3"]
[White "Reuker, Jari"]
[Black "Colbow, Collin"]
[Result "1/2-1/2"]
[WhiteElo "2383"]
[BlackElo "2373"]
[PlyCount "93"]
[EventDate "2024.03.02"]
[EventType "swiss"]
[EventRounds "9"]
[EventCountry "GER"]
[SourceTitle "CB11_2024"]
[SourceDate "2024.03.13"]
[SourceVersion "1"]
[SourceVersionDate "2024.03.13"]
[SourceQuality "1"]

1. d4 Nf6 2. c4 e6 3. g3 d5 4. Nf3 Bb4+ 5. Bd2 Be7 6. Bg2 0-0 7. 0-0 Nbd7 8. b4 c6 9. Qb3 Ne4 10. a4 f5 11. Rc1 g5 12. b5 Bf6 13. e3 g4 14. Ne1 dxc4 15. Qxc4 Nb6 16. Qa2 cxb5 17. axb5 a6 18. Qb3 Qd5 19. Qxd5 Nxd5 20. Nd3 b6 21. Nb4 a5 22. Nxd5 exd5 23. Nc3 Bb7 24. Be1 Rfc8 25. Na4 Bd8 26. Bc3 Rab8 27. Bb2 Rxc1+ 28. Rxc1 Rc8 29. Rxc8 Bxc8 30. Ba3 Bd7 31. Bf1 Kf7 32. Bd3 h5 33. Kf1 Kg6 34. Ke2 Kg5 35. Bf8 h4 36. gxh4+ Kxh4 37. Bg7 Kh3 38. Be5 Kg2 39. Bg3 Nxg3+ 40. hxg3 Bc7 41. Nc3 Be6 42. Bc2 Bd6 43. Bb3 Kg1 44. Bxd5 Bxd5 45. Nxd5 a4 46. Nc3 a3 47. Na2 1/2-1/2

[Event "Bremen Jubilee 125 op"]
[Site "Bremen"]
[Date "2024.03.02"]
[Round "1"]
[White "Reuker, Jari"]
[Black "Gumularz, Szymon"]
[Result "1/2-1/2"]
[WhiteElo "2383"]
[BlackElo "2590"]
[PlyCount "153"]
[EventDate "2024.03.02"]
[EventType "swiss"]
[EventRounds "9"]
[EventCountry "GER"]
[SourceTitle "CB11_2024"]
[SourceDate "2024.03.13"]
[SourceVersion "1"]
[SourceVersionDate "2024.03.13"]
[SourceQuality "1"]

1. d4 Nf6 2. c4 e6 3. Nf3 b6 4. g3 Bb7 5. Bg2 Bb4+ 6. Bd2 a5 7. 0-0 0-0 8. Nc3 d6 9. Qc2 Nbd7 10. Rfe1 Bxc3 11. Bxc3 Be4 12. Qa4 c5 13. Rad1 Qc7 14. dxc5 bxc5 15. Nd2 Bxg2 16. Kxg2 Rfb8 17. e4 h6 18. Re2 e5 19. Qc2 Nf8 20. Nf1 Ne6 21. Qd3 Nd4 22. Ree1 Qc6 23. Rd2 Qa4 24. Ne3 Qxa2 25. Nf5 Qa4 26. Nxd6 Qc6 27. Bxd4 cxd4 28. Nf5 Re8 29. Qa3 Re6 30. Ne7+ Rxe7 31. Qxe7 Nxe4 32. Rxd4 Nf6+ 33. Rd5 Nxd5 34. cxd5 Qxd5+ 35. Kg1 f6 36. Rc1 Qf7 37. Rc7 Qxe7 38. Rxe7 Rb8 39. Ra7 Rb5 40. h4 e4 41. b3 Kh7 42. Kg2 Kg6 43. Re7 Rxb3 44. Rxe4 Rb7 45. Ra4 Ra7 46. g4 Kf7 47. Kf3 Ke6 48. Ke4 Kd6 49. Kd4 Kc6 50. Kc4 Kb6 51. Kb3 Rd7 52. Rf4 Kc5 53. Rc4+ Kb5 54. Rf4 Rd5 55. Kc3 Kc6 56. f3 Kb5 57. Kb3 Re5 58. Kc3 Re3+ 59. Kc2 a4 60. g5 Re2+ 61. Kb1 fxg5 62. hxg5 h5 63. g6 Rg2 64. Rf5+ Kc4 65. Rxh5 Rxg6 66. Ra5 Kb4 67. Ra7 Rg1+ 68. Ka2 Rg2+ 69. Kb1 g5 70. Re7 Kc3 71. Re5 Kd3 72. Ra5 Ke3 73. Rf5 Kf2 74. Kb2 Kg3+ 75. Ka3 Kh4 76. Kxa4 Rd2 77. Kb3 1/2-1/2

[Event "Bundesliga 2324"]
[Site "Germany"]
[Date "2023.10.21"]
[Round "1.2"]
[White "Reuker, Jari"]
[Black "Sreyas, Payyappat"]
[Result "1-0"]
[WhiteElo "2403"]
[BlackElo "2075"]
[PlyCount "75"]
[EventDate "2023.10.21"]
[EventType "team-tourn"]
[EventRounds "15"]
[EventCountry "GER"]
[SourceTitle "Mega2024 Update 01"]
[Source "Chessbase"]
[SourceDate "2023.11.12"]
[SourceVersion "1"]
[SourceVersionDate "2023.11.12"]
[SourceQuality "1"]
[WhiteTeam "Werder Bremen"]
[BlackTeam "Lister Turm"]
[WhiteTeamCountry "GER"]
[BlackTeamCountry "GER"]

1. d4 Nf6 2. c4 e6 3. Nf3 c5 4. d5 exd5 5. cxd5 d6 6. Nc3 g6 7. e4 Bg7 8. Nd2 0-0 9. Be2 Nbd7 10. 0-0 Re8 11. a4 Ne5 12. Ndb1 a6 13. h3 Rb8 14. Be3 b5 15. axb5 axb5 16. Bxb5 Bd7 17. Be2 Rxb2 18. Nd2 Nh5 19. Qc1 Rb4 20. f4 Ng4 21. Bxg4 Bxg4 22. hxg4 Ng3 23. Re1 Qh4 24. Nf3 Qxg4 25. e5 Qh5 26. Kf2 Qg4 27. Ne2 Nf5 28. Bd2 Re4 29. Qc2 Nh4 30. Nxh4 Qxh4+ 31. Kg1 f5 32. Qb3 dxe5 33. d6+ c4 34. Qb5 exf4 35. Qd5+ Kh8 36. d7 Rd8 37. Ra3 Qe7 38. Ra8 1-0

[Event "Piestany op-A"]
[Site "Piestany"]
[Date "2023.07.16"]
[Round "6"]
[White "Reuker, Jari"]
[Black "Kucharska, Honorata"]
[Result "1/2-1/2"]
[WhiteElo "2428"]
[BlackElo "2246"]
[PlyCount "125"]
[EventDate "2023.07.11"]
[EventType "swiss"]
[EventRounds "9"]
[EventCountry "SVK"]
[SourceTitle "EXT 2024"]
[Source "ChessBase"]
[SourceDate "2023.10.10"]
[SourceVersion "1"]
[SourceVersionDate "2023.10.10"]
[SourceQuality "1"]

1. g3 e5 2. Bg2 d5 3. d3 Nf6 4. b3 Bd6 5. Bb2 0-0 6. e3 Re8 7. Nd2 c5 8. Nh3 Nc6 9. 0-0 h6 10. a4 Be6 11. f3 Qd7 12. Nf2 Rad8 13. Qe2 b6 14. Kh1 Nh7 15. Rg1 Nf8 16. Rae1 Bc7 17. f4 d4 18. exd4 exd4 19. Qd1 Nb4 20. Nc4 Ng6 21. Bc1 Bd5 22. Bd2 Nc6 23. Qh5 Nce7 24. Bxd5 Qxd5+ 25. Qxd5 Nxd5 26. Kg2 f5 27. Kf3 Kf7 28. Nh3 a6 29. Rxe8 Rxe8 30. Ra1 Nf8 31. Ng1 Nd7 32. Kf2 Nb8 33. Nf3 Nc6 34. Re1 Rxe1 35. Kxe1 Kf6 36. Kd1 Ke6 37. Kc1 Kf6 38. Kb2 Ke6 39. Na3 Bd8 40. Nc4 Bc7 41. Kc1 Kf6 42. Kb1 Ke6 43. Kb2 Kf6 44. Na3 Ke6 45. Kc1 Kf6 46. Kd1 Ke6 47. Ke2 Kf6 48. Kf2 Ke6 49. Ng1 Kf6 50. Ne2 Ke6 51. h3 g6 52. Kf3 Nce7 53. Nc4 Nc6 54. g4 Nce7 55. b4 Nc6 56. bxc5 bxc5 57. Nc1 Ncb4 58. Nb3 Bd6 59. Na3 Be7 60. Kg3 Bd6 61. Kf3 Be7 62. Kg3 Bd6 63. Kf3 1/2-1/2

[Event "Piestany op-A"]
[Site "Piestany"]
[Date "2023.07.14"]
[Round "4"]
[White "Reuker, Jari"]
[Black "Fizer, Marek"]
[Result "1-0"]
[WhiteElo "2428"]
[BlackElo "2137"]
[PlyCount "85"]
[EventDate "2023.07.11"]
[EventType "swiss"]
[EventRounds "9"]
[EventCountry "SVK"]
[SourceTitle "EXT 2024"]
[Source "ChessBase"]
[SourceDate "2023.10.10"]
[SourceVersion "1"]
[SourceVersionDate "2023.10.10"]
[SourceQuality "1"]

1. Nf3 c5 2. b3 Nc6 3. Bb2 d6 4. d4 cxd4 5. Nxd4 Nf6 6. e3 e6 7. c4 a6 8. Nc3 Be7 9. Be2 Qc7 10. 0-0 0-0 11. Rc1 Nxd4 12. Qxd4 b6 13. Rfd1 Rb8 14. Bf3 Bb7 15. Bxb7 Qxb7 16. a4 Rfd8 17. e4 Qc6 18. Qd3 Nd7 19. f3 Qc5+ 20. Kh1 Qh5 21. Ne2 Ne5 22. Qd4 Bf6 23. Ng3 Qh4 24. Qf2 Bg5 25. Rc2 Nc6 26. Ba3 Bf4 27. Kg1 Be5 28. Rcd2 Qe7 29. f4 Bd4 30. Rxd4 Nxd4 31. Qxd4 b5 32. Bxd6 Qe8 33. axb5 axb5 34. c5 Ra8 35. e5 Ra2 36. h3 Rda8 37. Rd2 Ra1+ 38. Kh2 Rb1 39. Qd3 Raa1 40. Qf3 Rc1 41. Bc7 Ra8 42. b4 Rc4 43. Ba5 1-0

[Event "Ceske Budejovice GM-A"]
[Site "Ceske Budejovice"]
[Date "2023.07.08"]
[Round "8"]
[White "Reuker, Jari"]
[Black "Greenfeld, Alon"]
[Result "1/2-1/2"]
[WhiteElo "2428"]
[BlackElo "2475"]
[PlyCount "49"]
[EventDate "2023.07.01"]
[EventType "tourn"]
[EventRounds "9"]
[EventCountry "CZE"]
[EventCategory "9"]
[SourceTitle "CBM 215 Extra"]
[Source "ChessBase"]
[SourceDate "2023.09.30"]
[SourceVersion "1"]
[SourceVersionDate "2023.09.30"]
[SourceQuality "1"]

1. e4 e5 2. Nf3 Nc6 3. Bb5 a6 4. Ba4 Nf6 5. 0-0 Be7 6. Re1 b5 7. Bb3 0-0 8. a4 b4 9. d4 d6 10. dxe5 Nxe5 11. Bf4 Ng6 12. Bg3 Bb7 13. Nbd2 Nh5 14. a5 Nxg3 15. hxg3 Bf6 16. Ra4 c5 17. Qc1 Re8 18. c3 Rb8 19. Qc2 d5 20. exd5 Rxe1+ 21. Nxe1 Bxd5 22. Nef3 Bxb3 23. Nxb3 bxc3 24. bxc3 Bxc3 25. Nxc5 1/2-1/2

[Event "Ceske Budejovice GM-A"]
[Site "Ceske Budejovice"]
[Date "2023.07.07"]
[Round "7"]
[White "Horvath, Dominik"]
[Black "Reuker, Jari"]
[Result "0-1"]
[WhiteElo "2528"]
[BlackElo "2428"]
[PlyCount "134"]
[EventDate "2023.07.01"]
[EventType "tourn"]
[EventRounds "9"]
[EventCountry "CZE"]
[EventCategory "9"]
[SourceTitle "CBM 215 Extra"]
[Source "ChessBase"]
[SourceDate "2023.09.30"]
[SourceVersion "1"]
[SourceVersionDate "2023.09.30"]
[SourceQuality "1"]

1. d4 Nf6 2. c4 e6 3. Nf3 d5 4. Nc3 dxc4 5. e4 b5 6. Nxb5 Nxe4 7. Qa4 c6 8. Nc3 Nxc3 9. bxc3 Ba6 10. Ne5 Bb5 11. Qc2 Nd7 12. a4 Nxe5 13. axb5 Nd3+ 14. Bxd3 cxd3 15. Qxd3 cxb5 16. Qxb5+ Qd7 17. Qxd7+ Kxd7 18. Ra6 Bd6 19. Be3 Rhc8 20. Kd2 Rc6 21. Rha1 Rxa6 22. Rxa6 Bc7 23. Kd3 Kc8 24. Kc4 Kb7 25. Kb5 Rd8 26. c4 Rd6 27. Rxd6 Bxd6 28. c5 Bxh2 29. g3 h5 30. c6+ Kc7 31. d5 exd5 32. Kc5 h4 33. gxh4 g6 34. Kxd5 a5 35. Bd2 a4 36. Ba5+ Kc8 37. Bb4 Bf4 38. Ba3 Bc7 39. Kc5 Bd8 40. Kb5 Bxh4 41. f3 Kc7 42. Kxa4 Kxc6 43. Kb3 Kd5 44. Kc3 Ke5 45. Kd3 Kf4 46. Ke2 Kg3 47. Bc5 Kg2 48. Bb6 Bg3 49. Bc5 Bh2 50. Bb6 Bf4 51. Ba7 f5 52. Bb6 Bg5 53. Bc5 Bd8 54. Bd4 g5 55. Bc5 Bf6 56. Bb6 Be5 57. Bd8 Bf4 58. Be7 Bc1 59. Bd8 Bf4 60. Be7 Kh3 61. Bc5 Bh2 62. Be7 g4 63. fxg4 fxg4 64. Bc5 g3 65. Kf3 g2 66. Bd4 Be5 67. Bg1 Bd6 0-1

[Event "Ceske Budejovice GM-A"]
[Site "Ceske Budejovice"]
[Date "2023.07.05"]
[Round "5"]
[White "Polak, Tomas"]
[Black "Reuker, Jari"]
[Result "1/2-1/2"]
[WhiteElo "2503"]
[BlackElo "2428"]
[PlyCount "138"]
[EventDate "2023.07.01"]
[EventType "tourn"]
[EventRounds "9"]
[EventCountry "CZE"]
[EventCategory "9"]
[SourceTitle "CBM 215 Extra"]
[Source "ChessBase"]
[SourceDate "2023.09.30"]
[SourceVersion "1"]
[SourceVersionDate "2023.09.30"]
[SourceQuality "1"]

1. d4 Nf6 2. c4 e6 3. Nf3 d5 4. Nc3 Bb4 5. Bd2 0-0 6. e3 b6 7. cxd5 exd5 8. Bd3 Bd6 9. 0-0 Bb7 10. Ne5 c5 11. f4 Nc6 12. Qa4 Nb4 13. Bf5 a6 14. Ne2 b5 15. Qa3 a5 16. dxc5 Bxc5 17. Nd4 Qb6 18. Bxb4 Bxd4 19. Bxf8 Bxe3+ 20. Kh1 Rxf8 21. Ng4 Nxg4 22. Bxg4 d4 23. b4 a4 24. Bf3 Bc8 25. Qd3 Be6 26. Be2 Bc4 27. Qc2 Rc8 28. Bd3 h6 29. a3 Qb7 30. Qe2 Bxd3 31. Qxd3 Rc3 32. Qf5 Qc6 33. h4 d3 34. h5 Rc2 35. Rf3 d2 36. Rd1 Rc1 37. Rff1 Qc4 38. Kh2 Rxd1 39. Rxd1 Bxf4+ 40. g3 Bg5 41. Kh3 Kf8 42. Qd7 Kg8 43. Qf5 Qc6 44. Kh2 Qe8 45. Kh3 Kh8 46. Rf1 f6 47. Qg4 Qd8 48. Qe6 Qd3 49. Rd1 Kh7 50. Kg2 Qc2 51. Qe8 Qf5 52. Qe2 Qd5+ 53. Qf3 Qd7 54. Qe4+ f5 55. Qf3 g6 56. Rf1 gxh5 57. Qxh5 Kg7 58. Qf3 Kg6 59. Kh1 Qe6 60. Kg2 Qd7 61. Kh1 Qe6 62. Kg2 Be3 63. Qe2 Qe4+ 64. Kh3 h5 65. Qxb5 d1Q 66. Rxd1 Qg4+ 67. Kh2 Qxd1 68. Qe8+ Kf6 69. Qxe3 Qc2+ 1/2-1/2

[Event "Bremen Silvester op-A"]
[Site "Bremen"]
[Date "2022.12.29"]
[Round "5"]
[White "Reuker, Jari"]
[Black "Juegel, Marcel"]
[Result "1-0"]
[WhiteElo "2428"]
[BlackElo "2126"]
[PlyCount "63"]
[EventDate "2022.12.27"]
[EventType "swiss"]
[EventRounds "7"]
[EventCountry "GER"]
[SourceTitle "CBM 211 Extra"]
[Source "ChessBase"]
[SourceDate "2023.01.31"]
[SourceVersion "1"]
[SourceVersionDate "2023.01.31"]
[SourceQuality "1"]

1. d4 d6 2. Nf3 Bg4 3. e4 Nf6 4. Nc3 c6 5. h3 Bxf3 6. Qxf3 e5 7. Be3 Nbd7 8. 0-0-0 Qc7 9. g4 h6 10. Kb1 a5 11. a4 Nb6 12. Qg3 Nfd7 13. f4 f6 14. h4 Be7 15. Be2 Nxa4 16. Nxa4 b5 17. Nc3 a4 18. Na2 b4 19. Nxb4 d5 20. Na2 Rb8 21. g5 hxg5 22. hxg5 Rxh1 23. Rxh1 exd4 24. Rh8+ Nf8 25. Bxd4 c5 26. gxf6 gxf6 27. Qg6+ Kd7 28. Qf5+ Kc6 29. exd5+ Kb6 30. Bxf6 Qd6 31. Be5 Qxd5 32. Nc3 1-0

[Event "Bremen Silvester op-A"]
[Site "Bremen"]
[Date "2022.12.28"]
[Round "3"]
[White "Reuker, Jari"]
[Black "Lammers, Markus"]
[Result "0-1"]
[WhiteElo "2428"]
[BlackElo "2297"]
[PlyCount "202"]
[EventDate "2022.12.27"]
[EventType "swiss"]
[EventRounds "7"]
[EventCountry "GER"]
[SourceTitle "CBM 211 Extra"]
[Source "ChessBase"]
[SourceDate "2023.01.31"]
[SourceVersion "1"]
[SourceVersionDate "2023.01.31"]
[SourceQuality "1"]

1. c4 Nf6 2. d4 e6 3. Nc3 d5 4. cxd5 exd5 5. Bg5 Be7 6. e3 0-0 7. Bd3 Re8 8. Nf3 b6 9. Qc2 h6 10. Bf4 c5 11. 0-0 Nc6 12. Bb5 Bd7 13. Qa4 cxd4 14. exd4 Nb4 15. Rad1 Bxb5 16. Nxb5 Qd7 17. Ne5 Qb7 18. a3 a6 19. Nc3 b5 20. Qb3 Nc6 21. Nxd5 Nxe5 22. dxe5 Nxd5 23. Rxd5 Qc6 24. Rfd1 Rad8 25. h3 Rxd5 26. Rxd5 Rd8 27. Rxd8+ Bxd8 28. Qd3 Bb6 29. Bd2 Bc5 30. Bc3 Qe6 31. Qd8+ Kh7 32. Qd3+ Kg8 33. Qe4 Kh8 34. Qa8+ Kh7 35. Qe4+ Kg8 36. g4 Qb6 37. Qa8+ Kh7 38. Qe4+ Kg8 39. Qa8+ Kh7 40. Qf3 Kg8 41. Kg2 Qe6 42. Qa8+ Kh7 43. Qe4+ Kg8 44. Kg3 Qb6 45. Qa8+ Kh7 46. Qf3 Kg8 47. b4 Be7 48. Qa8+ Kh7 49. Qe4+ Kg8 50. Bd4 Qe6 51. Bc5 Kh8 52. Qa8+ Kh7 53. Qe4+ Kg8 54. f4 Bxc5 55. bxc5 Qb3+ 56. Qf3 Qb1 57. Qe3 a5 58. f5 b4 59. axb4 Qxb4 60. e6 Qb8+ 61. Kf3 fxe6 62. fxe6 Kf8 63. Qd3 Qc7 64. Qd5 Ke7 65. Ke4 a4 66. Kf5 a3 67. c6 Qd6 68. Qa5 Qxe6+ 69. Kf4 a2 70. Qc7+ Kf6 71. Qd8+ Kf7 72. Qd4 g5+ 73. Kf3 Qxc6+ 74. Kg3 Qc7+ 75. Kg2 Qc2+ 76. Kg3 Qb3+ 77. Kf2 Qc2+ 78. Kg3 Qc7+ 79. Kg2 Qc6+ 80. Kg3 Qe6 81. Qa7+ Ke8 82. Qb8+ Ke7 83. Qa7+ Kf6 84. Qf2+ Ke7 85. Qa7+ Kd6 86. Qb6+ Ke5 87. Qe3+ Kf6 88. Qf2+ Kg7 89. Qd4+ Kg6 90. Qd3+ Kf7 91. Qf3+ Kg8 92. Qc3 Qd6+ 93. Kg2 Qd5+ 94. Kg3 Kf7 95. Qc7+ Ke6 96. Qc8+ Ke5 97. Qc3+ Ke4 98. Qe1+ Kd3 99. Qd1+ Kc4 100. Qc2+ Kb4 101. Qc1 Qe5+ 0-1

[Event "Paris-ch IdF"]
[Site "Paris"]
[Date "2022.07.16"]
[Round "8"]
[White "Reuker, Jari"]
[Black "Shchekachev, Andrei"]
[Result "0-1"]
[WhiteElo "2434"]
[BlackElo "2496"]
[PlyCount "124"]
[EventDate "2022.07.12"]
[EventType "swiss"]
[EventRounds "9"]
[EventCountry "FRA"]
[SourceTitle "CBM 209 Extra"]
[Source "ChessBase"]
[SourceDate "2022.09.30"]
[SourceVersion "1"]
[SourceVersionDate "2022.09.30"]
[SourceQuality "1"]

1. e4 e5 2. Nf3 Nc6 3. Bb5 a6 4. Ba4 Nf6 5. 0-0 Be7 6. Re1 b5 7. Bb3 d6 8. c3 0-0 9. h3 h6 10. d4 Re8 11. Nbd2 Bf8 12. Nf1 Bd7 13. Ng3 Na5 14. Bc2 c5 15. b3 cxd4 16. cxd4 Nc6 17. Bb2 Nh7 18. d5 Nb4 19. Bb1 a5 20. Nd2 Qb6 21. a3 Na6 22. Bd3 Nc5 23. Bf1 g6 24. Bc1 Rec8 25. Nf3 Qd8 26. Be3 h5 27. Rc1 h4 28. Bxc5 dxc5 29. Ne2 Bd6 30. Nc3 b4 31. Nb5 Bxb5 32. Bxb5 bxa3 33. Rc4 Rab8 34. Ba4 Ng5 35. Nd2 Kg7 36. Qg4 Nh7 37. Nb1 a2 38. Nc3 Rb4 39. Nxa2 Rxc4 40. bxc4 Rb8 41. Bb5 a4 42. Re3 Qa5 43. Qd1 a3 44. Qc1 Ra8 45. Qc3 Qd8 46. Qc1 Qg5 47. Rc3 Qxc1+ 48. Rxc1 Ng5 49. Re1 f5 50. exf5 gxf5 51. Kf1 e4 52. Ke2 Be5 53. Rd1 Nf7 54. Rb1 Bb2 55. g3 hxg3 56. fxg3 Nd6 57. Rf1 Be5 58. Rg1 Rb8 59. g4 f4 60. Rb1 Nxc4 61. Rb3 f3+ 62. Kf2 e3+ 0-1

[Event "Paris-ch IdF"]
[Site "Paris"]
[Date "2022.07.14"]
[Round "3"]
[White "Lamorelle, Julien"]
[Black "Reuker, Jari"]
[Result "1/2-1/2"]
[WhiteElo "2298"]
[BlackElo "2434"]
[PlyCount "100"]
[EventDate "2022.07.12"]
[EventType "swiss"]
[EventRounds "9"]
[EventCountry "FRA"]
[SourceTitle "CBM 209 Extra"]
[Source "ChessBase"]
[SourceDate "2022.09.30"]
[SourceVersion "1"]
[SourceVersionDate "2022.09.30"]
[SourceQuality "1"]

1. e4 c5 2. Nf3 d6 3. d4 cxd4 4. Nxd4 Nf6 5. Nc3 Nc6 6. Bg5 e6 7. Qd2 a6 8. 0-0-0 Bd7 9. f4 Be7 10. Be2 b5 11. Bf3 Rc8 12. Rhe1 h6 13. Nxc6 Bxc6 14. Bxf6 Bxf6 15. Qxd6 Qxd6 16. Rxd6 Bxc3 17. bxc3 Ke7 18. Red1 Rc7 19. e5 Bxf3 20. gxf3 Rhc8 21. Rxa6 Rxc3 22. Ra7+ R8c7 23. Rxc7+ Rxc7 24. Rd4 Rc3 25. Rb4 Rxf3 26. Rxb5 Rxf4 27. Kd2 g5 28. Rb7+ Ke8 29. Kd3 Rh4 30. c4 Rxh2 31. a4 Ra2 32. Rb8+ Kd7 33. Rb7+ Ke8 34. Rb8+ Kd7 35. Rb7+ Kc6 36. Rxf7 h5 37. Re7 h4 38. Rxe6+ Kc5 39. Rh6 Rxa4 40. Rh8 h3 41. Rc8+ Kb6 42. e6 Ra7 43. Rh8 Kc6 44. Ke4 g4 45. Kf4 Rg7 46. e7 Rxe7 47. Kxg4 Re4+ 48. Kxh3 Rxc4 49. Rc8+ Kd5 50. Rxc4 Kxc4 1/2-1/2

[Event "Paris-ch IdF"]
[Site "Paris"]
[Date "2022.07.13"]
[Round "2"]
[White "Reuker, Jari"]
[Black "Degardin, Sylvain"]
[Result "1-0"]
[WhiteElo "2434"]
[BlackElo "2282"]
[PlyCount "143"]
[EventDate "2022.07.12"]
[EventType "swiss"]
[EventRounds "9"]
[EventCountry "FRA"]
[SourceTitle "CBM 209 Extra"]
[Source "ChessBase"]
[SourceDate "2022.09.30"]
[SourceVersion "1"]
[SourceVersionDate "2022.09.30"]
[SourceQuality "1"]

1. e4 c5 2. Nf3 d6 3. d4 cxd4 4. Nxd4 Nf6 5. Nc3 a6 6. Bg5 e6 7. f3 h6 8. Be3 b5 9. Qd2 Nbd7 10. 0-0-0 Bb7 11. a3 h5 12. Kb1 Rc8 13. Qe1 Be7 14. h4 Qc7 15. Bd3 Ne5 16. Qg3 0-0 17. Bh6 Ne8 18. Bg5 Nf6 19. Rhe1 Rfe8 20. Bxb5 axb5 21. Ndxb5 Qb8 22. Nxd6 Nc4 23. Bxf6 Bxf6 24. e5 Be7 25. Nxe8 Rxe8 26. b3 Nxa3+ 27. Kb2 Rc8 28. Qf4 Bd5 29. Re2 Nc4+ 30. Kc1 Qb4 31. Nb1 Rb8 32. Rd4 Qa5 33. Rxc4 Bxc4 34. Qxc4 Qa1 35. Qa4 Qxa4 36. bxa4 Bxh4 37. c3 Bg3 38. Re4 g5 39. Kc2 Kg7 40. Na3 Ra8 41. Nb5 Kg6 42. Kb3 Rd8 43. a5 h4 44. c4 Bf2 45. Re2 Bc5 46. Kc3 Ra8 47. Ra2 Kf5 48. Nd4+ Kxe5 49. Nb3 Ba7 50. Re2+ Kd6 51. Rd2+ Kc6 52. Ra2 e5 53. a6 Bb6 54. Na5+ Kc7 55. Nb3 Kc6 56. Kd3 f5 57. c5 Bc7 58. Kc4 g4 59. fxg4 fxg4 60. Na5+ Bxa5 61. Rxa5 h3 62. gxh3 gxh3 63. Ra2 Ra7 64. Ra3 h2 65. Rh3 Rxa6 66. Rh6+ Kc7 67. Rxh2 Re6 68. Kd5 Re7 69. c6 e4 70. Rb2 e3 71. Rb7+ Kd8 72. Kd6 1-0

[Event "Bundesliga 2122"]
[Site "Germany"]
[Date "2022.07.09"]
[Round "13.6"]
[White "Feygin, Michael"]
[Black "Reuker, Jari"]
[Result "1/2-1/2"]
[WhiteElo "2456"]
[BlackElo "2425"]
[PlyCount "137"]
[EventDate "2022.03.05"]
[EventType "team-tourn"]
[EventRounds "15"]
[EventCountry "GER"]
[SourceTitle "CBM 209 Extra"]
[Source "ChessBase"]
[SourceDate "2022.09.30"]
[SourceVersion "1"]
[SourceVersionDate "2022.09.30"]
[SourceQuality "1"]
[WhiteTeam "Muelheim Nord"]
[BlackTeam "Werder Bremen"]
[WhiteTeamCountry "GER"]
[BlackTeamCountry "GER"]

1. d4 Nf6 2. Nc3 d5 3. Bg5 c5 4. Bxf6 gxf6 5. e4 dxe4 6. dxc5 f5 7. Qxd8+ Kxd8 8. 0-0-0+ Bd7 9. g4 fxg4 10. h3 e3 11. hxg4 exf2 12. Nf3 e6 13. Ne5 Ke7 14. Bg2 Bc6 15. Ne4 Bg7 16. Nxc6+ Nxc6 17. Nxf2 Rac8 18. Rh5 Ne5 19. Bxb7 Rxc5 20. Be4 h6 21. Rh3 Rb8 22. Rb3 Rxb3 23. axb3 Nxg4 24. Nxg4 f5 25. b4 Rc7 26. Bf3 fxg4 27. Bxg4 Rc4 28. Rg1 Bd4 29. Rg2 Rxb4 30. c3 Be3+ 31. Kc2 Rf4 32. Kd3 Bb6 33. b4 e5 34. Bh5 e4+ 35. Ke2 Rh4 36. Bg6 Kf6 37. Bh7 Ke5 38. Bg6 Kf4 39. Bh7 Rh3 40. Kd2 Rd3+ 41. Kc2 Rd7 42. Bg6 Rd6 43. c4 Be3 44. Bh5 Ke5 45. c5 Rd4 46. Kc3 Rd3+ 47. Kc4 Bd2 48. c6 a6 49. b5 Rc3+ 50. Kb4 Be1 51. Re2 Rc1+ 52. Ka4 axb5+ 53. Kxb5 Kd4 54. Bg6 e3 55. Bc2 Bg3 56. Kb6 h5 57. c7 Bxc7+ 58. Kxc7 h4 59. Kd6 h3 60. Bf5 Rh1 61. Ke6 h2 62. Bh7 Rf1 63. Rxh2 Rf2 64. Rh4+ Kc3 65. Bg6 e2 66. Re4 Kd2 67. Rd4+ Kc1 68. Re4 Kd2 69. Rd4+ 1/2-1/2

[Event "Bundesliga 2122"]
[Site "Germany"]
[Date "2022.05.29"]
[Round "10.7"]
[White "Reuker, Jari"]
[Black "Maze, Sebastien"]
[Result "1/2-1/2"]
[WhiteElo "2425"]
[BlackElo "2527"]
[PlyCount "67"]
[EventDate "2022.03.05"]
[EventType "team-tourn"]
[EventRounds "15"]
[EventCountry "GER"]
[SourceTitle "EXT 2023"]
[Source "ChessBase"]
[SourceDate "2022.10.05"]
[SourceVersion "1"]
[SourceVersionDate "2022.10.05"]
[SourceQuality "1"]
[WhiteTeam "Werder Bremen"]
[BlackTeam "Viernheim"]
[WhiteTeamCountry "GER"]
[BlackTeamCountry "GER"]

1. e4 c6 2. Nf3 d5 3. d3 dxe4 4. dxe4 Qxd1+ 5. Kxd1 Nf6 6. Nbd2 g6 7. Ne5 Nbd7 8. Nd3 h5 9. a4 Bh6 10. f3 a5 11. h4 b6 12. b3 Ba6 13. Bb2 0-0-0 14. Bc3 Kb7 15. Ke1 c5 16. Nb2 Bxd2+ 17. Bxd2 Bxf1 18. Rxf1 Ne8 19. Rd1 Rg8 20. Nc4 Nd6 21. Nxd6+ exd6 22. Bf4 Ne5 23. Rd5 f6 24. Ke2 Kc6 25. Rfd1 Nf7 26. Bc1 Rde8 27. Kf2 Re6 28. Bf4 Rge8 29. c4 Kd7 30. Rg1 Rh8 31. Rgd1 Ke7 32. Bc1 Ne5 33. Bf4 Nf7 34. Bc1 1/2-1/2